| 000 | 00419pam a2200169 a 4500 | ||
|---|---|---|---|
| 020 |
_a8187540583 _c250.00 |
||
| 041 |
_aeng _hNULL |
||
| 082 |
_a617.3 _bKAN |
||
| 100 | _aKANDOI, M . | ||
| 245 |
_aCLINICAL CASES IN ORTHOPAEDICS / _cNULL. _hTextual Documents |
||
| 260 |
_aNULL : _bNBD DEPOT , _c2006. |
||
| 300 |
_a408 ; _cNULL. |
||
| 365 | _a250.00 | ||
| 930 | _a778 | ||
| 999 |
_c795314 _d795314 |
||
| 650 | _aORTHO | ||